| 000 | 00413nam a2200169Ia 4500 | ||
|---|---|---|---|
| 999 |
_c2686 _d2686 |
||
| 003 | OSt | ||
| 005 | 20190914141342.0 | ||
| 008 | 190902s9999||||xx |||||||||||||| ||und|| | ||
| 020 | _a978-9694071688 | ||
| 040 | _cmaju | ||
| 082 | _a658.15 | ||
| 100 | _aDr.Asrar H.Siddiqui | ||
| 245 | 0 | _aFinance of Foreign Trade and foreign Exchange | |
| 260 |
_aKarachi _bRoyal Book _c2009 |
||
| 300 | _a423 | ||
| 942 |
_cBK _2ddc |
||